| 000 | nam a22 a 4500 | ||
|---|---|---|---|
| 999 |
_c407889 _d407889 |
||
| 003 | BLK | ||
| 005 | 20221208031045.0 | ||
| 008 | 180911b bul|||||r ||||||| ||bul|| | ||
| 040 | _aBLK | ||
| 041 |
_aRUS _aLAT _cRUS |
||
| 080 |
_aЛатински език _b811.124 _x`36 _z811.124`36 |
||
| 100 |
_aКюнер, Рафаэль _eпърви автор _9448054 |
||
| 139 | _aКюнер, Рафаэль и др. | ||
| 245 | 0 | 0 |
_aЛатинская грамматика с примерами и упражнениями, латинской хрестоматией и словарями латинско-русским и русско-латинским _cСъстав. на чеш. от И. Коринек ; Прев. Иван Брожка _bСост. по Р. Кюнеру, Я. Кремер. _nЧ. 1. _pЭтимология |
| 250 | _a6. доп. изд. | ||
| 260 |
_aМосква _bБр. Салаевы _c1879 - _9435360 |
||
| 300 | _c23 см | ||
| 380 | _a80 | ||
| 490 |
_aКолекция Редки и ценни издания _9435080 |
||
| 650 | 0 |
_aЛатински език - граматика _9293286 |
|
| 653 | 7 |
_9186475 _aетимология |
|
| 655 |
_aЕзикознание _9396452 |
||
| 700 |
_aКремер, Яков Иванович _eсъавт. _91445 |
||
| 760 |
_aКюнер, Рафаэль _dМосква, 1879 _h358 с. _nподв. кн. без заглавие и изд. данни _oЧ. 1 _tЭтимология |
||
| 852 |
_aРр 879 _bРц |
||
| 942 |
_cKNG _n0 _s1 |
||
| 944 |
_aCR _c2021-04-13 _kГГГ |
||